Every Song by Extreme - Statistics

General Stats
  • This quiz has been taken 10 times
  • The average score is 18 of 82
Answer Stats
Album Song % Correct
Extreme II: Pornograffitti(1990) Get the Funk Out
100%
Extreme II: Pornograffitti(1990) More Than Words
100%
Extreme II: Pornograffitti(1990) Hole Hearted
75%
Extreme II: Pornograffitti(1990) Money (In God We Trust)
50%
Extreme(1989) Mutha (Don't Wanna Go to School Today)
50%
Saudades de Rock(2008) Peace (Saudade)
50%
Extreme II: Pornograffitti(1990) Pornograffitti
50%
Extreme II: Pornograffitti(1990) Suzi (Wants Her All Day What?)
50%
Waiting for the Punchline(Hidden)(1995) Waiting for the Punchline
50%
Six(2023) Banshee
25%
Extreme(1989) Big Boys Don't Cry
25%
III Sides to Every Story(1992) Color Me Blind
25%
Saudades de Rock(2008) Comfortably Dumb
25%
III Sides to Every Story(1992) Cupid's Dead
25%
Waiting for the Punchline(1995) Cynical
25%
Extreme II: Pornograffitti(1990) Decadence Dance
25%
III Sides to Every Story(1992) Everything Under the Sun: II. Am I Ever Gonna Change
25%
III Sides to Every Story(1992) Everything Under the Sun: III. Who Cares?
25%
III Sides to Every Story(1992) Everything Under the Sun: I. Rise 'n Shine
25%
Waiting for the Punchline(1995) Evilangelist
25%
Extreme(1989) Flesh 'n' Blood
25%
Saudades de Rock(2008) Ghost
25%
Extreme II: Pornograffitti(1990) He-Man Woman Hater
25%
Waiting for the Punchline(1995) Hip Today
25%
Extreme II: Pornograffitti(1990) It ('s a Monster)
25%
Extreme(1989) Kid Ego
25%
Saudades de Rock(2008) King of the Ladies
25%
Extreme II: Pornograffitti(1990) Li'l Jack Horny
25%
Extreme(1989) Little Girls
25%
Waiting for the Punchline(1995) Midnight Express
25%
Waiting for the Punchline(1995) Naked
25%
Extreme II: Pornograffitti(Bonus)(2015) Nice Place To Visit
25%
Waiting for the Punchline(1995) No Respect
25%
III Sides to Every Story(1992) Our Father
25%
III Sides to Every Story(1992) Peacemaker Die
25%
Extreme(1989) Play with Me
25%
III Sides to Every Story(1992) Politicalamity
25%
III Sides to Every Story(1992) Rest in Peace
25%
Six(2023) Rise
25%
Saudades de Rock(2008) Run
25%
III Sides to Every Story(1992) Seven Sundays
25%
Extreme II: Pornograffitti(Bonus)(2015) Sex N' Love
25%
Waiting for the Punchline(1995) Shadow Boxing
25%
Extreme(1989) Smoke Signals
25%
Extreme II: Pornograffitti(1990) Song for Love
25%
Saudades de Rock(2008) Star
25%
III Sides to Every Story(1992) Stop the World
25%
Saudades de Rock(2008) Take Us Alive
25%
Extreme(1989) Teacher's Pet
25%
Waiting for the Punchline(1995) There Is No God
25%
III Sides to Every Story(1992) Tragic Comic
25%
Waiting for the Punchline(1995) Unconditionally
25%
III Sides to Every Story(1992) Warheads
25%
Extreme(1989) Watching, Waiting
25%
Extreme II: Pornograffitti(1990) When I First Kissed You
25%
Extreme II: Pornograffitti(1990) When I'm President
25%
Extreme(1989) Wind Me Up
25%
Saudades de Rock(2008) Americocaine
0%
Six(2023) Beautiful Girls
0%
Non-Album(1992) Christmas Time Again
0%
Waiting for the Punchline(1995) Fair-Weather Faith
0%
Saudades de Rock(2008) Flower Man
0%
III Sides to Every Story(1992) God Isn't Dead?
0%
Six(2023) Here's to the Losers
0%
Six(2023) Hurricane
0%
Saudades de Rock(2008) Interface
0%
Saudades de Rock(2008) Last Hour
0%
Saudades de Rock(2008) Learn to Love
0%
Waiting for the Punchline(1995) Leave Me Alone
0%
Saudades de Rock(Bonus)(2008) Mr. Bates
0%
Six(2023) Other Side of the Rainbow
0%
Six(2023) #Rebel
0%
Extreme(1989) Rock a Bye Bye
0%
Six(2023) Save Me
0%
Saudades de Rock(2008) Slide
0%
Six(2023) Small Town Beautiful
0%
Saudades de Rock(2008) Sunrise
0%
Waiting for the Punchline(1995) Tell Me Something I Don't Know
0%
Six(2023) The Mask
0%
Six(2023) Thicker Than Blood
0%
Non-Album(1993) Where Are You Going?
0%
Six(2023) X Out
0%
No matching quizzes found
Score Distribution
Percent of People with Each Score
Percentile by Number Answered
Your Score History
You have not taken this quiz